000 00901nas1a22002531i 4500
001 RU\NLR\INFOCOMM10\1000247864
005 20240726080232.0
035 _a(NLR Aleph) 002545924
090 _a2976489
_c2976489
100 _a20040511b19231924|||y0rusy50 ca
101 0 _arus
102 _aRU
110 _azyu||||0|y0
200 1 _aМузей
_fНар. ком. по просвещению. Глав. упр. науч. учреждений. Ленингр. отд-ние
210 _aЛ.
_d1923-1924
801 1 _aRU
_bInfoComm
_c20040511
801 0 _aRU
_bNLR
_gPSBO
852 _aNLR
_jП32/115
942 _cSE
980 _aRUSPER